[Event "Norway Chess op"]
[Site "Stavanger"]
[Date "2023.05.27"]
[Round "1"]
[White "Hort, Max"]
[Black "Kayonde, Andrew"]
[Result "0-1"]
[WhiteElo "1933"]
[BlackElo "2361"]
[PlyCount "102"]
[EventDate "2023.05.27"]
[EventType "swiss"]
[EventRounds "10"]
[EventCountry "NOR"]
[SourceTitle "CBM 214 Extra"]
[Source "ChessBase"]
[SourceDate "2023.07.31"]
[SourceVersion "1"]
[SourceVersionDate "2023.07.31"]
[SourceQuality "1"]

1. e4 c5 2. a3 Nf6 3. e5 Nd5 4. d4 cxd4 5. Qxd4 e6 6. c4 Nc6 7. Qe4 f5 8. Qe2 Nde7 9. b4 d6 10. exd6 Qxd6 11. Nf3 e5 12. c5 Qc7 13. Nc3 a6 14. Qc4 e4 15. Nd4 Nxd4 16. Qxd4 Be6 17. Bb5+ Nc6 18. Bxc6+ bxc6 19. Ne2 Rd8 20. Bf4 Qf7 21. Qe5 Be7 22. Nd4 Bf6 23. Qxe6+ Qxe6 24. Nxe6 Bxa1 25. Nxd8 Kxd8 26. Ke2 Bf6 27. h4 Ke7 28. Rd1 Bxh4 29. Rd6 Rc8 30. Be5 g6 31. f3 exf3+ 32. gxf3 Ke8 33. Re6+ Kf7 34. Rd6 Be7 35. Rd7 Ke6 36. Ra7 Bxc5 37. bxc5 Kxe5 38. Rxh7 Rb8 39. Ra7 Rb2+ 40. Ke1 Kd5 41. Rxa6 Kxc5 42. a4 Ra2 43. a5 g5 44. Ra8 Kd4 45. Rg8 Ke3 46. Kd1 Kf4 47. Rg6 Rxa5 48. Rxc6 Kxf3 49. Rc3+ Kg4 50. Ke2 Ra2+ 51. Kf1 f4 0-1

[Event "Africa-ch"]
[Site "Giza"]
[Date "2023.05.12"]
[Round "8"]
[White "Ezat, Mohamed Mahmoud"]
[Black "Kayonde, Andrew"]
[Result "0-1"]
[WhiteElo "2402"]
[BlackElo "2361"]
[PlyCount "64"]
[EventDate "2023.05.06"]
[EventType "swiss"]
[EventRounds "9"]
[EventCountry "EGY"]
[SourceTitle "CBM 214 Extra"]
[Source "ChessBase"]
[SourceDate "2023.07.31"]
[SourceVersion "1"]
[SourceVersionDate "2023.07.31"]
[SourceQuality "1"]

1. d4 Nf6 2. c4 e6 3. Nc3 Bb4 4. Bg5 h6 5. Bh4 c5 6. d5 Bxc3+ 7. bxc3 d6 8. Qc2 exd5 9. cxd5 g5 10. Bg3 Nxd5 11. e4 Nf4 12. Rd1 Nc6 13. h4 Rg8 14. Ne2 Qf6 15. Qd2 Bg4 16. hxg5 hxg5 17. f3 Nxe2 18. Bxe2 Be6 19. Bb5 0-0-0 20. Bxc6 bxc6 21. Qb2 Qe7 22. Kf2 Qc7 23. Rb1 g4 24. Qa3 Bc4 25. e5 gxf3 26. gxf3 dxe5 27. Rhd1 Rxg3 28. Rxd8+ Qxd8 29. Kxg3 Qg5+ 30. Kf2 Qd2+ 31. Kg3 Qf4+ 32. Kf2 Qh2+ 0-1

[Event "Budapest Vezerkepzo GM-B 04"]
[Site "Budapest"]
[Date "2023.05.04"]
[Round "9"]
[White "Kayonde, Andrew"]
[Black "Woodward, Andy"]
[Result "0-1"]
[WhiteElo "2363"]
[BlackElo "2436"]
[PlyCount "80"]
[EventDate "2023.04.25"]
[EventType "tourn"]
[EventRounds "9"]
[EventCountry "HUN"]
[EventCategory "7"]
[SourceTitle "CBM 214 Extra"]
[Source "ChessBase"]
[SourceDate "2023.07.31"]
[SourceVersion "1"]
[SourceVersionDate "2023.07.31"]
[SourceQuality "1"]

1. Nf3 Nf6 2. c4 g6 3. Nc3 Bg7 4. e4 e5 5. Nxe5 0-0 6. Nf3 Re8 7. d3 d5 8. cxd5 Nxd5 9. Bd2 Bg4 10. Qb3 Nb6 11. Ng5 Qe7 12. h3 Bd7 13. Be2 h6 14. Nf3 Be6 15. Qc2 c5 16. Na4 Nxa4 17. Qxa4 Bxb2 18. Rb1 Bg7 19. Rxb7 Qxb7 20. Qxe8+ Bf8 21. Qa4 Qb1+ 22. Qd1 Qxa2 23. Qc1 Nc6 24. 0-0 Rb8 25. Bd1 Rb1 26. Qc3 Nd4 27. Qa5 Nxf3+ 28. Bxf3 Rxf1+ 29. Kxf1 Qb1+ 30. Ke2 c4 31. Qc3 a5 32. dxc4 Bb4 33. Qc1 Qb3 34. c5 Bc4+ 35. Ke1 Qd3 36. Bxb4 axb4 37. Qe3 b3 38. Qc1 Qd4 39. Qb1 Qc3+ 40. Kd1 Bd3 0-1

[Event "Nairobi op"]
[Site "Nairobi"]
[Date "2023.04.07"]
[Round "4"]
[White "Kayonde, Andrew"]
[Black "Boera, Felix"]
[Result "1-0"]
[WhiteElo "2363"]
[BlackElo "1731"]
[PlyCount "57"]
[EventDate "2023.04.06"]
[EventType "swiss"]
[EventRounds "9"]
[EventCountry "KEN"]
[SourceTitle "EXT 2024"]
[Source "ChessBase"]
[SourceDate "2023.10.10"]
[SourceVersion "1"]
[SourceVersionDate "2023.10.10"]
[SourceQuality "1"]

1. e4 c5 2. c3 Nf6 3. e5 Nd5 4. Nf3 e6 5. Bc4 Nb6 6. Bb3 d6 7. exd6 Bxd6 8. d4 Nc6 9. 0-0 0-0 10. Re1 Qc7 11. Qe2 Bd7 12. dxc5 Bxc5 13. Nbd2 Rfd8 14. Ng5 Be8 15. Qe4 g6 16. Qh4 h5 17. Rxe6 Nd5 18. Rxe8+ Rxe8 19. Bxd5 Re1+ 20. Nf1 Ne5 21. Nxf7 Nxf7 22. Qf6 Qe7 23. Qxg6+ Kh8 24. Bxf7 Bxf2+ 25. Kxf2 Qe2+ 26. Kg3 Qe5+ 27. Kh3 Qg7 28. Qxg7+ Kxg7 29. Bh6+ 1-0

[Event "Nairobi op"]
[Site "Nairobi"]
[Date "2023.04.06"]
[Round "2"]
[White "Kayonde, Andrew"]
[Black "Nurmohamed, Sajid"]
[Result "1-0"]
[WhiteElo "2363"]
[BlackElo "1791"]
[PlyCount "42"]
[EventDate "2023.04.06"]
[EventType "swiss"]
[EventRounds "9"]
[EventCountry "KEN"]
[SourceTitle "EXT 2024"]
[Source "ChessBase"]
[SourceDate "2023.10.10"]
[SourceVersion "1"]
[SourceVersionDate "2023.10.10"]
[SourceQuality "1"]

1. e4 b6 2. d4 e6 3. Nf3 Be7 4. Bd3 Bb7 5. Qe2 a5 6. 0-0 Na6 7. a3 g6 8. c4 c5 9. d5 Bf6 10. e5 Bg7 11. Bg5 Qc7 12. Nc3 Ne7 13. Ne4 Qb8 14. Nf6+ Bxf6 15. Bxf6 Rg8 16. d6 Nc8 17. Qe3 h5 18. Qh6 Bxf3 19. gxf3 Nxd6 20. Qh7 Kf8 21. exd6 Qxd6 1-0

[Event "African Online op"]
[Site "Tornelo INT"]
[Date "2021.02.02"]
[Round "3"]
[White "Kayonde, Andrew"]
[Black "Amin, Bassem"]
[Result "1/2-1/2"]
[WhiteElo "2393"]
[BlackElo "2695"]
[PlyCount "158"]
[EventDate "2021.02.01"]
[EventType "swiss (rapid)"]
[EventRounds "9"]
[EventCountry "NET"]
[SourceTitle "CBM 200 Extra"]
[Source "ChessBase"]
[SourceDate "2021.03.31"]
[SourceVersion "1"]
[SourceVersionDate "2021.03.31"]
[SourceQuality "1"]

1. d4 g6 2. e4 Bg7 3. c3 d6 4. Nf3 Nf6 5. Bd3 0-0 6. 0-0 Nc6 7. d5 Nb8 8. c4 c6 9. h3 e5 10. dxe6 Bxe6 11. Nc3 Na6 12. Re1 Nc5 13. Bf1 d5 14. cxd5 cxd5 15. e5 Nfe4 16. Be3 Nxc3 17. bxc3 Rc8 18. Bd4 Bf5 19. g4 Bd7 20. Rb1 Qa5 21. Nd2 b6 22. c4 Be6 23. Bxc5 bxc5 24. cxd5 Bxd5 25. Nc4 Bxc4 26. Bxc4 Qc3 27. Qb3 Bxe5 28. Qxc3 Bxc3 29. Re7 Rc6 30. Rxa7 Rf6 31. Kg2 Rf4 32. Ra4 Bd4 33. f3 Re8 34. Rb7 Bc3 35. Bb5 Re2+ 36. Bxe2 Rxa4 37. a3 Rxa3 38. Bc4 Bd4 39. Bxf7+ Kf8 40. g5 Rc3 41. Bd5 Be3 42. h4 Rc2+ 43. Kh3 h6 44. f4 Rc3 45. Kg2 hxg5 46. fxg5 Rd3 47. Be4 Rd4 48. Kf3 Bf2 49. h5 gxh5 50. g6 Bh4 51. Rh7 c4 52. Rxh5 Bf6 53. Rc5 c3 54. Rc7 Kg8 55. Bc2 Rb4 56. Be4 Be5 57. Bd5+ Kf8 58. g7+ Bxg7 59. Rf7+ Ke8 60. Rxg7 Rd4 61. Be4 Rc4 62. Bc2 Kd8 63. Ke3 Rh4 64. Kd3 Rh3+ 65. Kc4 Re3 66. Bd3 Re7 67. Rg8+ Kc7 68. Kxc3 Kd6 69. Kd4 Ke6 70. Rg6+ Kf7 71. Rd6 Re1 72. Ra6 Ke7 73. Be4 Kd7 74. Ke5 Kc7 75. Kd5 Rd1+ 76. Kc5 Rc1+ 77. Kd5 Rd1+ 78. Ke5 Re1 79. Kd5 Rd1+ 1/2-1/2

[Event "Port Elizabeth Pearson"]
[Site "Port Elizabeth"]
[Date "2020.03.12"]
[Round "2"]
[White "Oatlhotse, Providence"]
[Black "Kayonde, Andrew"]
[Result "0-1"]
[WhiteElo "2201"]
[BlackElo "2366"]
[PlyCount "80"]
[EventDate "2020.03.11"]
[EventType "tourn"]
[EventRounds "10"]
[EventCountry "RSA"]
[EventCategory "4"]
[SourceTitle "CBM 195 Extra"]
[Source "ChessBase"]
[SourceDate "2020.05.31"]
[SourceVersion "1"]
[SourceVersionDate "2020.05.31"]
[SourceQuality "1"]

1. c4 c6 2. Nf3 d5 3. g3 Nf6 4. Bg2 dxc4 5. 0-0 Nbd7 6. Qc2 Nb6 7. Na3 Be6 8. Rd1 Bd5 9. b3 cxb3 10. axb3 e6 11. d3 c5 12. e4 Bc6 13. Ne5 Bd7 14. Bb2 Be7 15. d4 cxd4 16. Bxd4 0-0 17. Nac4 Nxc4 18. bxc4 Qc7 19. Qb2 Rfd8 20. Bxa7 b5 21. cxb5 Rxa7 22. b6 Rxa1 23. bxc7 Rxd1+ 24. Bf1 Rc8 25. Qb7 Rc1 26. Nxd7 R8xc7 27. Nxf6+ Bxf6 28. Qb5 g6 29. e5 Be7 30. Kg2 R7c2 31. Qe8+ Bf8 32. Qd8 Rb1 33. h4 Rbb2 34. Qf6 Rd2 35. h5 Bc5 36. Kh3 Rxf2 37. Qd8+ Kg7 38. Bg2 Rxg2 39. Qf6+ Kg8 40. Qd8+ Bf8 0-1

[Event "Port Elizabeth Pearson"]
[Site "Port Elizabeth"]
[Date "2020.03.11"]
[Round "1"]
[White "Kayonde, Andrew"]
[Black "Fernandes, Antonio ETG"]
[Result "1-0"]
[WhiteElo "2366"]
[BlackElo "2353"]
[PlyCount "114"]
[EventDate "2020.03.11"]
[EventType "tourn"]
[EventRounds "10"]
[EventCountry "RSA"]
[EventCategory "4"]
[SourceTitle "CBM 195 Extra"]
[Source "ChessBase"]
[SourceDate "2020.05.31"]
[SourceVersion "1"]
[SourceVersionDate "2020.05.31"]
[SourceQuality "1"]

1. d4 d5 2. Nf3 c6 3. e3 Bf5 4. c4 e6 5. Nc3 Nd7 6. Bd3 Bxd3 7. Qxd3 Ngf6 8. 0-0 Be7 9. e4 dxe4 10. Nxe4 Nxe4 11. Qxe4 0-0 12. Re1 Qa5 13. Bf4 Rfd8 14. a3 Rac8 15. h3 Qh5 16. Qc2 Bf6 17. c5 Qf5 18. Qc1 Re8 19. Qe3 Bd8 20. Nd2 b5 21. Ne4 Be7 22. a4 b4 23. a5 Nf6 24. Nd6 Bxd6 25. Bxd6 a6 26. Rad1 Red8 27. Rd3 Ne8 28. Be5 f6 29. Bg3 e5 30. Red1 e4 31. Rb3 Nc7 32. Bxc7 Rxc7 33. Rxb4 Qd5 34. Qe2 Ra7 35. Rb6 f5 36. Qd2 Rad7 37. b3 Qe6 38. Qe3 Qf6 39. Rb4 h6 40. g3 Rd5 41. Rd2 R8d7 42. Kg2 g5 43. Qe2 Re7 44. Qxa6 f4 45. Rb8+ Kh7 46. Qc8 Kg6 47. Qg8+ Qg7 48. Qxg7+ Kxg7 49. Rb4 f3+ 50. Kf1 Red7 51. Ke1 Ra7 52. Ra2 Rd8 53. a6 Kf6 54. Kd2 Ke6 55. Ke3 Kd5 56. Rb7 Rda8 57. Rxa7 Rxa7 1-0

[Event "Africa-ch Blitz"]
[Site "Casablanca"]
[Date "2019.08.28"]
[Round "8.8"]
[White "Kayonde, Andrew"]
[Black "Khetho, Phemelo"]
[Result "1-0"]
[WhiteElo "2317"]
[BlackElo "2152"]
[PlyCount "35"]
[EventDate "2019.08.28"]
[EventType "swiss (blitz)"]
[EventRounds "9"]
[EventCountry "MAR"]
[SourceTitle "EXT 2024"]
[Source "ChessBase"]
[SourceDate "2023.10.10"]
[SourceVersion "1"]
[SourceVersionDate "2023.10.10"]
[SourceQuality "1"]

1. d4 f5 2. Bg5 Nf6 3. Bxf6 exf6 4. e3 d5 5. c4 c6 6. Nc3 Be6 7. Qb3 Qb6 8. c5 Qxb3 9. axb3 Nd7 10. b4 a6 11. b5 cxb5 12. Bxb5 Rc8 13. Ba4 Be7 14. Nge2 Kf7 15. Nf4 Nb8 16. Bb3 Rhd8 17. Ncxd5 Bxd5 18. Bxd5+ 1-0

[Event "Africa-ch Blitz"]
[Site "Casablanca"]
[Date "2019.08.28"]
[Round "2.9"]
[White "Oatlhotse, Providence"]
[Black "Kayonde, Andrew"]
[Result "1-0"]
[WhiteElo "2181"]
[BlackElo "2317"]
[PlyCount "76"]
[EventDate "2019.08.28"]
[EventType "swiss (blitz)"]
[EventRounds "9"]
[EventCountry "MAR"]
[SourceTitle "EXT 2024"]
[Source "ChessBase"]
[SourceDate "2023.10.10"]
[SourceVersion "1"]
[SourceVersionDate "2023.10.10"]
[SourceQuality "1"]

1. c4 e5 2. g3 c6 3. Nf3 e4 4. Nd4 d5 5. cxd5 cxd5 6. Bg2 Nc6 7. Nxc6 bxc6 8. Qc2 Bd7 9. 0-0 Nf6 10. d3 exd3 11. Qxd3 Be7 12. Nc3 0-0 13. e4 Be6 14. exd5 Nxd5 15. Nxd5 cxd5 16. Rd1 Qa5 17. Bd2 Qb6 18. Bc3 Bc5 19. Bd4 Rfd8 20. Rac1 Bxd4 21. Qxd4 Rab8 22. b3 Qa5 23. Rd2 Rb4 24. Qe5 Rxb3 25. Rxd5 Bxd5 26. axb3 Qd2 27. Re1 Be6 28. Bh3 Re8 29. Bxe6 fxe6 30. Re3 Qd1+ 31. Kg2 h6 32. h4 Qd7 33. Qe4 Qf7 34. Rf3 Qc7 35. Rd3 Qb6 36. Rf3 a5 37. h5 Rb8 38. Qg6 Rf8 1-0

[Event "Africa-ch Blitz"]
[Site "Casablanca"]
[Date "2019.08.28"]
[Round "3.7"]
[White "Tissir, Mohamed"]
[Black "Kayonde, Andrew"]
[Result "1-0"]
[WhiteElo "2439"]
[BlackElo "2317"]
[PlyCount "112"]
[EventDate "2019.08.28"]
[EventType "swiss (blitz)"]
[EventRounds "9"]
[EventCountry "MAR"]
[SourceTitle "EXT 2024"]
[Source "ChessBase"]
[SourceDate "2023.10.10"]
[SourceVersion "1"]
[SourceVersionDate "2023.10.10"]
[SourceQuality "1"]

1. e4 c6 2. d4 d5 3. Nc3 dxe4 4. Nxe4 Bf5 5. Ng3 Bg6 6. Nf3 Nd7 7. Bd3 e6 8. 0-0 Ngf6 9. Re1 c5 10. Bxg6 hxg6 11. d5 Qb6 12. dxe6 fxe6 13. Ng5 0-0-0 14. Nf7 Be7 15. Nxh8 Rxh8 16. Qd3 Nf8 17. c4 Qc7 18. Bd2 Rh4 19. Rad1 Ng4 20. h3 Ne5 21. Qe2 Nxc4 22. Bc3 Bf6 23. Bxf6 gxf6 24. Ne4 Ne5 25. Nxf6 Nc6 26. Ne8 Qf4 27. Nd6+ Kc7 28. Qb5 Qb4 29. Qxb4 Rxb4 30. b3 Nd4 31. Nc4 b5 32. Ne5 Nf5 33. g4 Nh4 34. Re3 Rd4 35. Rxd4 cxd4 36. Rd3 Kd6 37. Nf3 Nxf3+ 38. Rxf3 Nd7 39. Rf7 a5 40. Kf1 a4 41. Ke2 axb3 42. axb3 e5 43. f3 Nc5 44. Rf6+ Kd5 45. Rxg6 Nxb3 46. h4 Kc4 47. Rc6+ Kd5 48. Rb6 Kc5 49. Re6 Kd5 50. Re8 Nc5 51. h5 b4 52. h6 d3+ 53. Kd2 b3 54. h7 b2 55. Rb8 e4 56. h8Q exf3 1-0

[Event "Africa-chT rapid"]
[Site "Casablanca"]
[Date "2019.08.24"]
[Round "2.4"]
[White "Kayonde, Andrew"]
[Black "Ricky, Sang"]
[Result "1-0"]
[WhiteElo "2384"]
[BlackElo "1971"]
[PlyCount "125"]
[EventDate "2019.08.24"]
[EventType "team-swiss (rapid)"]
[EventRounds "9"]
[EventCountry "MAR"]
[SourceTitle "EXT 2020"]
[Source "ChessBase"]
[SourceDate "2019.10.17"]
[SourceVersion "1"]
[SourceVersionDate "2019.10.17"]
[SourceQuality "1"]
[WhiteTeam "Zambia"]
[BlackTeam "Kenya"]
[WhiteTeamCountry "ZAM"]
[BlackTeamCountry "KEN"]

1. d4 d5 2. Bf4 Nf6 3. e3 e6 4. Nf3 c5 5. c3 Bd6 6. Ne5 0-0 7. Nd2 Nc6 8. Bg3 Qc7 9. f4 b6 10. Bd3 Bb7 11. 0-0 Ne7 12. Rc1 Ne4 13. Be1 f5 14. Ndf3 c4 15. Bxe4 dxe4 16. Ng5 Bd5 17. Qh5 h6 18. Ngf7 Bxe5 19. Nxe5 Nc6 20. Rc2 Nxe5 21. fxe5 Qf7 22. Qh3 Qg6 23. Rf4 Rf7 24. Rcf2 Raf8 25. Rh4 Kh7 26. Rff4 a5 27. a3 a4 28. Rh5 b5 29. Bg3 Rc7 30. Rfh4 Kg8 31. Bf4 Qe8 32. Qg3 Kf7 33. Bxh6 gxh6 34. Rxh6 Rg8 35. Rh7+ Kf8 36. Qxg8+ Kxg8 37. Rh8+ Kg7 38. R4h7+ Kg6 39. Rh6+ Kg7 40. R8h7+ Kg8 41. Rxc7 Qf8 42. Rch7 f4 43. Rh8+ Kg7 44. R6h7+ Kg6 45. Rxf8 Kxh7 46. exf4 Kg6 47. Kf2 Kg7 48. Rb8 Bc6 49. Rc8 Bd5 50. Rc5 Kg6 51. g4 Kf7 52. Rxb5 Bc6 53. Rc5 Bd5 54. h4 Kg6 55. f5+ Kf7 56. g5 Ba8 57. fxe6+ Kxe6 58. Rxc4 Kf5 59. Ke3 Kg4 60. g6 Bd5 61. Rc5 Bg8 62. Rc8 Be6 63. g7 1-0